000 00264nam a22001217a 4500
008 170522b xxu||||| |||| 00| 0 eng d
041 _aeng
080 _a94
100 _a16
101 _aSHH
245 _aCHRONICLES OF THE CRUSADES
_cHALLAM, E
942 _2udc
_cBK
999 _c13819
_d13819